[Event "XVII Festival A"]
[Site "Robecchetto con Induno ITA"]
[Date "2006.12.27"]
[Round "2"]
[White "Revinelli, Sergio"]
[Black "Romano, Zeno"]
[Result "1/2-1/2"]
[WhiteElo "1847"]
[BlackElo "1850"]
[PlyCount "33"]
[EventDate "2006.12.27"]

1. e4 e5 2. Nf3 Nc6 3. Bc4 Bc5 4. c3 Nf6 5. d4 exd4 6. cxd4 Bb4+ 7. Nc3 Nxe4 8.
O-O Bxc3 9. d5 Ba5 10. dxc6 bxc6 11. Qa4 Nd6 12. Qxa5 Nxc4 13. Re1+ Kf8 14.
Qc5+ Nd6 15. Bf4 f6 16. Red1 Kf7 17. Bxd6 1/2-1/2

[Event "XVII Festival A"]
[Site "Robecchetto con Induno ITA"]
[Date "2006.12.27"]
[Round "2"]
[White "Rezzonico, Paolo"]
[Black "Aranovitch, Emiliano"]
[Result "0-1"]
[WhiteElo "2049"]
[BlackElo "2278"]
[PlyCount "114"]
[EventDate "2006.12.27"]

1. e4 c5 2. c3 Nf6 3. e5 Nd5 4. g3 Nc6 5. f4 d6 6. exd6 e6 7. Bg2 Bxd6 8. Ne2
O-O 9. O-O b6 10. Na3 Bb7 11. Nc2 Nde7 12. d4 Qc7 13. Be3 Rfd8 14. Qe1 cxd4 15.
Nexd4 Nxd4 16. Nxd4 Bxg2 17. Kxg2 Qb7+ 18. Kg1 Bc5 19. Qe2 Rd7 20. Nf3 Bxe3+
21. Qxe3 Rad8 22. Qe2 Qd5 23. Nd4 Nc6 24. Nxc6 Qxc6 25. Rad1 h6 26. Rxd7 Qxd7
27. Rf2 g6 28. b3 Qc6 29. c4 Rd4 30. Qf3 Qd7 31. Kg2 a5 32. Re2 Kh7 33. h3 a4
34. h4 h5 35. Qf2 a3 36. Qf3 Rd1 37. Rf2 Rb1 38. g4 hxg4 39. Qxg4 Qd4 40. Qf3
Rb2 41. Kg3 Qf6 42. h5 g5 43. f5 Qe5+ 44. Kg4 Qd4+ 45. Kg3 Qh4+ 46. Kg2 g4 47.
Qg3 Qxh5 48. fxe6 Qh3+ 49. Qxh3+ gxh3+ 50. Kg3 fxe6 51. Rh2 Kg6 52. Kxh3 Kf5
53. Kg3 Ke5 54. Rh5+ Kd4 55. Rb5 Rxa2 56. Rxb6 e5 57. Rb5 Rb2 0-1

[Event "XVII Festival A"]
[Site "Robecchetto con Induno ITA"]
[Date "2006.12.27"]
[Round "2"]
[White "Sbarra, Marco"]
[Black "La Torre, Giovanni"]
[Result "0-1"]
[WhiteElo "2280"]
[BlackElo "2082"]
[PlyCount "122"]
[EventDate "2006.12.27"]

1. c4 Nf6 2. Nc3 e6 3. e4 d6 4. d4 Nc6 5. Nf3 Be7 6. Be2 e5 7. d5 Nb8 8. O-O a5
9. Ne1 Nbd7 10. Nd3 b6 11. f4 exf4 12. Bxf4 O-O 13. Qe1 Ne8 14. Qg3 Bf6 15. Nb5
Qe7 16. Qe3 Nc5 17. e5 dxe5 18. Nxe5 Bxe5 19. Qxe5 Qxe5 20. Bxe5 Na6 21. Bf3
Bd7 22. a4 Rd8 23. Nd4 Nc5 24. b3 Nb7 25. Rae1 Ned6 26. Bd1 Rde8 27. Bc2 f6 28.
Bg3 Nc5 29. h4 Rxe1 30. Rxe1 Re8 31. Rxe8+ Nxe8 32. Kf2 g6 33. Nb5 Bxb5 34.
axb5 Nd6 35. Ke3 Kf7 36. Kd4 Ke7 37. Be1 Nd7 38. h5 Kf7 39. Bd3 f5 40. Bh4 Nc5
41. Bd8 Ne8 42. Bc2 Nb7 43. Bh4 Ned6 44. h6 Kf8 45. Bf6 Kf7 46. Ke5 a4 47. Bh4
axb3 48. Bxb3 Na5 49. Ba2 Naxc4+ 50. Kf4 Na3 51. Bd8 Naxb5 52. Ke5 Ke8 53. Bxc7
Nf7+ 54. Kf6 Nxc7 55. Kg7 Nd6 56. Bb1 Ke7 57. Kxh7 Kf7 58. g4 Nce8 59. gxf5
gxf5 60. Kh8 Nf6 61. Bxf5 Nxf5 0-1

[Event "XVII Festival A"]
[Site "Robecchetto con Induno ITA"]
[Date "2006.12.27"]
[Round "2"]
[White "Schingaro, Angelo"]
[Black "Morandi, Daniele"]
[Result "0-1"]
[WhiteElo "1704"]
[BlackElo "1874"]
[PlyCount "56"]
[EventDate "2006.12.27"]

1. e4 e5 2. Nf3 Nc6 3. d4 exd4 4. Nxd4 Nf6 5. Nxc6 bxc6 6. e5 Qe7 7. Qe2 Nd5 8.
c4 Ba6 9. b3 g6 10. g3 Bg7 11. Bb2 O-O 12. Bg2 Rfe8 13. O-O Bxe5 14. Bxe5 d6
15. Qb2 dxe5 16. cxd5 Bxf1 17. Kxf1 cxd5 18. Bxd5 Rad8 19. Nc3 Qc5 20. Ne4 Qb6
21. Bc4 Rd4 22. Qe2 Qc6 23. Bb5 Qb7 24. Bxe8 Rxe4 25. Qf3 Re1+ 26. Rxe1 Qxf3
27. Rxe5 Qh1+ 28. Ke2 Qb1 0-1

[Event "XVII Festival A"]
[Site "Robecchetto con Induno ITA"]
[Date "2006.12.27"]
[Round "2"]
[White "Zuccaro, Guido"]
[Black "Primerano, Carlo"]
[Result "1-0"]
[WhiteElo "1873"]
[BlackElo "1758"]
[PlyCount "57"]
[EventDate "2006.12.27"]

1. c4 Nf6 2. Nc3 e6 3. e4 d5 4. cxd5 exd5 5. e5 d4 6. exf6 dxc3 7. fxg7 cxd2+
8. Bxd2 Bxg7 9. Qc2 Be6 10. Bd3 Qe7 11. Ne2 h5 12. O-O Nd7 13. Qxc7 Be5 14. Qc2
Qd6 15. f4 Qb6+ 16. Kh1 Bd6 17. f5 Bd5 18. Nc3 Bxg2+ 19. Kxg2 Rg8+ 20. Kh1 Ne5
21. Rae1 Kd7 22. Nd5 Qd8 23. Bb5+ Nc6 24. f6 Kc8 25. Bxc6 bxc6 26. Qxc6+ Kb8
27. Rf3 Bc7 28. Nxc7 Qxd2 29. Na6# 1-0

[Event "XVII Festival A"]
[Site "Robecchetto con Induno ITA"]
[Date "2006.12.28"]
[Round "3"]
[White "Agrifoglio, Fabio"]
[Black "Sbarra, Marco"]
[Result "1/2-1/2"]
[WhiteElo "2024"]
[BlackElo "2280"]
[PlyCount "61"]
[EventDate "2006.12.27"]

1. d4 d5 2. c4 e6 3. Nc3 c5 4. cxd5 exd5 5. Nf3 Nc6 6. g3 Nf6 7. Bg2 Be7 8. O-O
O-O 9. Bg5 c4 10. Ne5 Be6 11. Nxc6 bxc6 12. b3 Qa5 13. Qc2 Rfd8 14. Rfd1 Rac8
15. bxc4 dxc4 16. Bxf6 Bxf6 17. e3 c5 18. Ne4 Be7 19. dxc5 f5 20. Nd6 Bxd6 21.
Rxd6 Rxd6 22. cxd6 c3 23. Rc1 Qe5 24. Qd3 Rd8 25. Bf3 Bxa2 26. Rxc3 Qxd6 27.
Qxd6 Rxd6 28. Rc8+ Kf7 29. Rc7+ Kf6 30. Rxa7 Bd5 31. Bxd5 1/2-1/2

[Event "XVII Festival A"]
[Site "Robecchetto con Induno ITA"]
[Date "2006.12.28"]
[Round "3"]
[White "Andreoli, Mark"]
[Black "Brighenti, Alessandro"]
[Result "1-0"]
[WhiteElo "2053"]
[BlackElo "1588"]
[PlyCount "61"]
[EventDate "2006.12.27"]

1. e4 e5 2. d4 exd4 3. c3 dxc3 4. Bc4 cxb2 5. Bxb2 d5 6. Bxd5 Nf6 7. Nc3 Be7 8.
Qb3 Nxd5 9. Nxd5 c6 10. Nxe7 Qxe7 11. Ne2 Na6 12. O-O Be6 13. Qe3 Rd8 14. Bxg7
Rg8 15. Qh6 Rd7 16. Bf6 Qf8 17. Qxh7 Rg6 18. e5 Rh6 19. Qc2 Qg8 20. Rfd1 Nb4
21. Qc1 Qh7 22. Rxd7 Bxd7 23. Qc5 Nd5 24. Rd1 Rxh2 25. Ng3 Bh3 26. Kxh2 Bg4+
27. Kg1 Bxd1 28. Qxa7 Nxf6 29. Qb8+ Ke7 30. Qd6+ Ke8 31. exf6 1-0

[Event "XVII Festival A"]
[Site "Robecchetto con Induno ITA"]
[Date "2006.12.28"]
[Round "3"]
[White "Aranovitch, Emiliano"]
[Black "Gagliardi, Christian"]
[Result "1-0"]
[WhiteElo "2278"]
[BlackElo "2119"]
[PlyCount "61"]
[EventDate "2006.12.27"]

1. e4 g6 2. d4 Bg7 3. Nc3 d6 4. Be3 a6 5. f4 b5 6. Be2 Bb7 7. Bf3 Nd7 8. e5 Qc8
9. a4 b4 10. Ne4 Nb6 11. Ne2 Nh6 12. N2g3 a5 13. h4 f5 14. Ng5 Bxf3 15. Qxf3 e6
16. h5 Qd7 17. c4 bxc3 18. bxc3 d5 19. Nf1 Qc6 20. Nd2 Qxc3 21. Ke2 Ng4 22.
Nxe6 Kf7 23. Nxg7 Kxg7 24. Rhc1 Qxe3+ 25. Qxe3 Nxe3 26. Rxc7+ Kf8 27. Kxe3 gxh5
28. Rb7 Nc8 29. Rc1 Rg8 30. Rcc7 Rxg2 31. Rxh7 1-0

[Event "XVII Festival A"]
[Site "Robecchetto con Induno ITA"]
[Date "2006.12.28"]
[Round "3"]
[White "Barlocco, Carlo"]
[Black "Laketic, Gojko"]
[Result "1/2-1/2"]
[WhiteElo "2198"]
[BlackElo "2441"]
[PlyCount "106"]
[EventDate "2006.12.27"]

1. Nc3 d5 2. Nf3 Nf6 3. d3 Nc6 4. g3 e5 5. Bg2 d4 6. Nb1 g6 7. O-O Bg7 8. c3
O-O 9. Nbd2 h6 10. Qc2 Bg4 11. h3 Be6 12. cxd4 exd4 13. Nb3 Rb8 14. Bd2 Re8 15.
Nc5 Bd5 16. Rfe1 a5 17. Rac1 b6 18. Na4 Re7 19. b3 Ne8 20. Nb2 Na7 21. Nc4 c5
22. a3 Nc6 23. Rb1 Rc8 24. e4 dxe3 25. Bxe3 b5 26. Ncd2 Nd4 27. Bxd4 cxd4 28.
Qd1 Rc3 29. Ne4 Rc8 30. b4 Nd6 31. Nc5 Ra7 32. Ne5 Nb7 33. Nxb7 Rxb7 34. Rc1
Rc3 35. Rxc3 dxc3 36. Nc6 Bxc6 37. Bxc6 Rc7 38. Bxb5 c2 39. Qc1 axb4 40. axb4
Bc3 41. Rf1 Qg5 42. Bc4 Qd2 43. b5 Ba5 44. Qa3 Bb6 45. Kg2 Bxf2 46. Rxf2 c1=Q
47. Qd6 Qde1 48. Qxg6+ Kh8 49. Qf6+ Kh7 50. Qf5+ Kg7 51. Qf6+ Kh7 52. Qf5+ Kg7
53. Qf6+ Kh7 1/2-1/2

[Event "XVII Festival A"]
[Site "Robecchetto con Induno ITA"]
[Date "2006.12.28"]
[Round "3"]
[White "Brioschi, Camillo"]
[Black "Crepaldi, Marco"]
[Result "1/2-1/2"]
[WhiteElo "1862"]
[BlackElo "1898"]
[PlyCount "69"]
[EventDate "2006.12.27"]

1. d4 Nf6 2. c4 e5 3. dxe5 Ng4 4. Nf3 Nc6 5. Nc3 Bc5 6. Ne4 Qe7 7. Nxc5 Qxc5 8.
e3 Ngxe5 9. Nxe5 Nxe5 10. Qd4 d6 11. Qxc5 dxc5 12. f4 Nc6 13. Bd2 Nb4 14. Bxb4
cxb4 15. Bd3 Bd7 16. Be4 O-O-O 17. Ke2 Rhe8 18. Bf3 Bf5 19. Rad1 a5 20. Rxd8+
Rxd8 21. e4 Be6 22. b3 f6 23. Rd1 Rxd1 24. Kxd1 a4 25. Kc2 axb3+ 26. axb3 c5
27. h3 Kc7 28. g4 Kd6 29. h4 Bd7 30. Be2 h6 31. Kd2 Be6 32. Kc2 Bf7 33. h5 g6
34. hxg6 Bxg6 35. Kd3 1/2-1/2

[Event "XVII Festival A"]
[Site "Robecchetto con Induno ITA"]
[Date "2006.12.28"]
[Round "3"]
[White "Caldi, Mario"]
[Black "Caselli, Luigi"]
[Result "0-1"]
[WhiteElo "1999"]
[BlackElo "2266"]
[PlyCount "76"]
[EventDate "2006.12.27"]

1. e4 d5 2. exd5 Qxd5 3. Nc3 Qa5 4. d4 Nf6 5. Bd2 Bg4 6. Be2 Bxe2 7. Ngxe2 Nbd7
8. O-O e6 9. Re1 c6 10. Nf4 Qf5 11. d5 Nxd5 12. Nfxd5 cxd5 13. Nb5 Rc8 14. Nd4
Qg6 15. Bc3 Nc5 16. Qe2 a6 17. Rad1 Bd6 18. Nxe6 Nxe6 19. Rxd5 Bc5 20. Qd2 O-O
21. Ree5 h6 22. Rd3 Be7 23. Rg3 Bg5 24. Qe1 Qxc2 25. h4 Bf6 26. Re2 Bxc3 27.
bxc3 Qf5 28. Re5 Qf6 29. Qe3 Qf4 30. Qe2 Rfd8 31. Re4 Rd2 32. Qe1 Qd6 33. Qe3
Rd1+ 34. Kh2 Rd8 35. Qe2 Rd3 36. f3 g6 37. Reg4 Nf4 38. Qe4 Nh5 0-1

[Event "XVII Festival A"]
[Site "Robecchetto con Induno ITA"]
[Date "2006.12.28"]
[Round "3"]
[White "Colombo, Sandro"]
[Black "Cervini, Gian Piero"]
[Result "1/2-1/2"]
[WhiteElo "1854"]
[BlackElo "1808"]
[PlyCount "51"]
[EventDate "2006.12.27"]

1. c4 Nf6 2. Nc3 g6 3. e4 d6 4. d4 Bg7 5. Be2 O-O 6. Bg5 c5 7. d5 e6 8. dxe6
Bxe6 9. Qd2 Nc6 10. Nf3 Ne5 11. b3 Qa5 12. Rd1 h6 13. Bxf6 Bxf6 14. Nd5 Qxd2+
15. Rxd2 Nxf3+ 16. Bxf3 Bd4 17. Ke2 Bxd5 18. exd5 Rfe8+ 19. Kd3 Re5 20. b4 b6
21. bxc5 dxc5 22. Rb1 f6 23. Re2 Rxe2 24. Kxe2 Re8+ 25. Kf1 Kf7 26. Re1 1/2-1/2

[Event "XVII Festival A"]
[Site "Robecchetto con Induno ITA"]
[Date "2006.12.28"]
[Round "3"]
[White "Corti, Corrado"]
[Black "Cardani, Roberto"]
[Result "1/2-1/2"]
[WhiteElo "2048"]
[BlackElo "1903"]
[PlyCount "60"]
[EventDate "2006.12.27"]

1. d4 Nf6 2. g3 d5 3. Bg2 c6 4. Nf3 Bf5 5. O-O e6 6. Nbd2 h6 7. b3 Be7 8. Bb2
O-O 9. Ne5 Nbd7 10. Ndf3 Nxe5 11. Nxe5 Qc7 12. Nd3 Nd7 13. Rc1 Rac8 14. c4 Qb8
15. c5 b6 16. cxb6 axb6 17. Qd2 c5 18. dxc5 bxc5 19. Nf4 Nf6 20. Qc3 c4 21. Qe5
Bd6 22. Qe3 Ng4 23. Qf3 Be5 24. Bxe5 Nxe5 25. Qe3 Rfd8 26. Rfd1 cxb3 27. Rxc8
Rxc8 28. axb3 Ng4 29. Qf3 Ne5 30. Qe3 Ng4 1/2-1/2

[Event "XVII Festival A"]
[Site "Robecchetto con Induno ITA"]
[Date "2006.12.28"]
[Round "3"]
[White "Dragojlovic, Andjelko"]
[Black "Di Chiara, Mauro"]
[Result "1-0"]
[WhiteElo "2383"]
[BlackElo "1668"]
[PlyCount "59"]
[EventDate "2006.12.27"]

1. e4 g6 2. d4 c6 3. h3 d6 4. Nf3 Bg7 5. Nc3 Nd7 6. a4 a5 7. Bc4 d5 8. Bb3 e6
9. O-O Ne7 10. Re1 O-O 11. Bg5 dxe4 12. Nxe4 h6 13. Bf4 Nd5 14. Bh2 N5f6 15.
Nd6 Nb6 16. c4 Ne8 17. Ne4 Nf6 18. Nc3 Re8 19. Qc2 c5 20. dxc5 Nbd7 21. Nb5
Nxc5 22. Nc7 Ra6 23. Rad1 Qe7 24. Nxa6 Nxa6 25. Bd6 Qd8 26. Ne5 Bd7 27. Re3 Nb4
28. Bxb4 axb4 29. Nxd7 Nxd7 30. Red3 1-0

[Event "XVII Festival A"]
[Site "Robecchetto con Induno ITA"]
[Date "2006.12.28"]
[Round "3"]
[White "La Torre, Giovanni"]
[Black "Ranieri, Fabrizio"]
[Result "1-0"]
[WhiteElo "2082"]
[BlackElo "2229"]
[PlyCount "49"]
[EventDate "2006.12.27"]

1. Nf3 e6 2. g3 d5 3. Bg2 Nf6 4. O-O Be7 5. c4 O-O 6. b3 Nbd7 7. Bb2 c6 8. d4
b6 9. Nbd2 Bb7 10. Re1 c5 11. cxd5 Bxd5 12. e4 Bb7 13. Qe2 cxd4 14. e5 Nd5 15.
Nxd4 Nc5 16. Nc4 a6 17. Rad1 b5 18. Nd6 Bxd6 19. exd6 Qxd6 20. Qg4 Nf6 21. Qg5
h6 22. Qh4 Bxg2 23. Nf5 Qb6 24. Nxh6+ Kh8 25. Bxf6 1-0

[Event "XVII Festival A"]
[Site "Robecchetto con Induno ITA"]
[Date "2006.12.28"]
[Round "3"]
[White "Marinone, Lucio"]
[Black "Rezzonico, Paolo"]
[Result "0-1"]
[WhiteElo "1980"]
[BlackElo "2049"]
[PlyCount "112"]
[EventDate "2006.12.27"]

1. d4 d5 2. Nf3 c5 3. c4 cxd4 4. cxd5 Nf6 5. Qxd4 Qxd5 6. Nc3 Qxd4 7. Nxd4 a6
8. Bg5 Nbd7 9. O-O-O h6 10. Bh4 g6 11. f4 Bg7 12. Nf3 Nb6 13. Bf2 Nc4 14. Bd4
Be6 15. e4 Rc8 16. Kb1 O-O 17. g3 Rfd8 18. Be2 b5 19. Rhe1 b4 20. Nd5 Nxd5 21.
Bxg7 Kxg7 22. exd5 Rxd5 23. Rxd5 Bxd5 24. Bxc4 Rxc4 25. b3 Rc7 26. Nd4 e6 27.
Nc2 a5 28. Re5 f6 29. Re2 Kf7 30. Kb2 f5 31. Ne3 Rc5 32. Nxd5 Rxd5 33. a3 Kf6
34. axb4 axb4 35. Kc2 e5 36. fxe5+ Rxe5 37. Rf2 g5 38. Kd3 Rc5 39. Kd4 Rc3 40.
Rb2 g4 41. Kd5 h5 42. Kd4 Kg5 43. Ke5 Re3+ 44. Kd4 Re4+ 45. Kd3 h4 46. Rf2 hxg3
47. hxg3 Kf6 48. Rc2 Re1 49. Kc4 Rg1 50. Kxb4 Rxg3 51. Kc4 f4 52. b4 f3 53. b5
Rg2 54. Rc1 Rb2 55. Rf1 Kf5 56. Kd3 Kf4 0-1

[Event "XVII Festival A"]
[Site "Robecchetto con Induno ITA"]
[Date "2006.12.28"]
[Round "3"]
[White "Mazzon, Roberto"]
[Black "Revinelli, Sergio"]
[Result "0-1"]
[WhiteElo "1843"]
[BlackElo "1847"]
[PlyCount "68"]
[EventDate "2006.12.27"]

1. e4 e5 2. Nf3 Nc6 3. Bb5 f5 4. d3 fxe4 5. dxe4 Nf6 6. Nbd2 Bc5 7. O-O d6 8.
h3 O-O 9. Qe2 Kh8 10. c3 Be6 11. Nc4 a6 12. Bxc6 bxc6 13. Rd1 Qe8 14. b4 Ba7
15. Ng5 Bd7 16. Be3 Bxe3 17. Qxe3 h6 18. Nf3 Be6 19. Ncd2 Nh5 20. Kh2 Nf4 21.
Ng1 Qh5 22. Nf1 g5 23. f3 Bxh3 24. Nxh3 Nxg2 25. Kxg2 g4 26. fxg4 Qxg4+ 27. Ng3
Rf6 28. Rf1 Rg6 29. Qf3 Qh4 30. Kh2 Rag8 31. Rg1 d5 32. exd5 Rf6 33. Qe4 Rf2+
34. Qg2 Qxg3+ 0-1

[Event "XVII Festival A"]
[Site "Robecchetto con Induno ITA"]
[Date "2006.12.28"]
[Round "3"]
[White "Morandi, Daniele"]
[Black "Brugo, Marco"]
[Result "0-1"]
[WhiteElo "1874"]
[BlackElo "2091"]
[PlyCount "56"]
[EventDate "2006.12.27"]

1. e4 e6 2. d4 d5 3. Nd2 Nf6 4. e5 Nfd7 5. Bd3 c5 6. c3 Nc6 7. Ne2 cxd4 8. cxd4
f6 9. exf6 Nxf6 10. O-O Bd6 11. Nf3 O-O 12. Bg5 Bd7 13. Nc3 Qe8 14. Rc1 Qh5 15.
h3 Nxd4 16. Bxf6 Nxf3+ 17. Qxf3 Qxf3 18. gxf3 Rxf6 19. Kg2 Raf8 20. Be2 Rg6+
21. Kh1 Rh6 22. Kg2 Rf5 23. Rh1 Rg5+ 24. Kf1 Rgh5 25. Kg2 Rg5+ 26. Kf1 Bf4 27.
Rd1 Rgh5 28. Kg2 e5 0-1

[Event "XVII Festival A"]
[Site "Robecchetto con Induno ITA"]
[Date "2006.12.28"]
[Round "3"]
[White "Pace, Pietro Dario"]
[Black "Angelini, Marco"]
[Result "1-0"]
[WhiteElo "2233"]
[BlackElo "1907"]
[PlyCount "63"]
[EventDate "2006.12.27"]

1. e4 c5 2. Nf3 d6 3. b3 Nf6 4. Nc3 Nc6 5. Bb2 e6 6. d4 cxd4 7. Nxd4 a6 8. Be2
Be7 9. O-O O-O 10. Kh1 Qc7 11. f4 Ne8 12. Nxc6 bxc6 13. Bd3 Qa5 14. Qe2 Bf6 15.
e5 dxe5 16. Ne4 Be7 17. fxe5 Bb7 18. Nf6+ Bxf6 19. exf6 g6 20. Qe3 Rd8 21. a4
Kh8 22. b4 Qh5 23. Rf3 c5 24. Rh3 Rxd3 25. cxd3 Qg4 26. Rg1 h5 27. Rg3 Qxb4 28.
Qh6+ Kg8 29. Rxg6+ fxg6 30. Qxg6+ Kh8 31. f7+ Qxb2 32. Qh6# 1-0

[Event "XVII Festival A"]
[Site "Robecchetto con Induno ITA"]
[Date "2006.12.28"]
[Round "3"]
[White "Primerano, Carlo"]
[Black "Cantu', Guido"]
[Result "0-1"]
[WhiteElo "1758"]
[BlackElo "1819"]
[PlyCount "84"]
[EventDate "2006.12.27"]

1. d4 Nf6 2. c4 e6 3. Nc3 Bb4 4. Qc2 d5 5. cxd5 exd5 6. Bg5 h6 7. Bh4 c5 8. a3
Qa5 9. Bxf6 gxf6 10. e3 cxd4 11. exd4 Nc6 12. Rd1 Bd6 13. Nf3 Bg4 14. Be2 Rg8
15. Qh7 O-O-O 16. Qxf7 Bxa3 17. Ra1 Qb4 18. O-O Bxb2 19. Nxd5 Qd6 20. Rab1 Qxd5
21. Qxd5 Rxd5 22. Rxb2 Nxd4 23. Nxd4 Rxd4 24. Bxg4+ Rgxg4 25. Re1 Rge4 26. Rc1+
Rc4 27. Rd1 a5 28. f3 Re6 29. Rdb1 Re7 30. Rb5 a4 31. Ra5 Re5 32. Ra7 b5 33.
Rd1 Rc7 34. Ra8+ Kb7 35. Rad8 b4 36. R8d4 Rb5 37. Rb1 b3 38. Rxa4 b2 39. Rd4
Rc1+ 40. Rd1 Rxd1+ 41. Rxd1 b1=Q 42. Rxb1 Rxb1+ 0-1

[Event "XVII Festival A"]
[Site "Robecchetto con Induno ITA"]
[Date "2006.12.28"]
[Round "3"]
[White "Romano, Zeno"]
[Black "Schingaro, Angelo"]
[Result "1/2-1/2"]
[WhiteElo "1850"]
[BlackElo "1704"]
[PlyCount "34"]
[EventDate "2006.12.27"]

1. e4 c6 2. d4 d5 3. Nc3 dxe4 4. Nxe4 Nd7 5. Nf3 Ngf6 6. Ng3 e6 7. Bd3 c5 8. c3
cxd4 9. Nxd4 Be7 10. O-O O-O 11. Re1 Re8 12. Bb5 a6 13. Ba4 Qc7 14. Bc2 b5 15.
Bg5 Bb7 16. Bxf6 Nxf6 17. Qe2 Bf8 1/2-1/2

[Event "XVII Festival A"]
[Site "Robecchetto con Induno ITA"]
[Date "2006.12.28"]
[Round "3"]
[White "Volpi, Davide"]
[Black "Pepa, Syrja"]
[Result "1/2-1/2"]
[WhiteElo "2053"]
[BlackElo "1814"]
[PlyCount "51"]
[EventDate "2006.12.27"]

1. e4 e6 2. d3 d5 3. Nd2 Nf6 4. Ngf3 Bc5 5. g3 Ng4 6. d4 dxe4 7. Nxe4 Be7 8.
Bg2 O-O 9. O-O Nd7 10. c4 c5 11. d5 exd5 12. cxd5 b6 13. d6 Bf6 14. Nxf6+ Ngxf6
15. Nd4 cxd4 16. Bxa8 Ba6 17. Bg2 Bxf1 18. Bxf1 Ne5 19. f4 Nc6 20. Bg2 Qxd6 21.
Bxc6 Qxc6 22. Qxd4 Qf3 23. Bd2 h5 24. Rf1 Qg4 25. Kg2 Re8 26. Be3 1/2-1/2

[Event "XVII Festival A"]
[Site "Robecchetto con Induno ITA"]
[Date "2006.12.28"]
[Round "4"]
[White "Agrifoglio, Fabio"]
[Black "Brioschi, Camillo"]
[Result "1-0"]
[WhiteElo "2024"]
[BlackElo "1862"]
[PlyCount "33"]
[EventDate "2006.12.27"]

1. d4 Nf6 2. c4 e6 3. Nc3 Bb4 4. Qc2 Nc6 5. e3 d6 6. Nf3 e5 7. d5 Nb8 8. Qa4+
Nbd7 9. Qxb4 Nc5 10. Qa3 Bf5 11. b4 Nce4 12. Be2 O-O 13. O-O Nxc3 14. Qxc3 Ne4
15. Qb2 Ng5 16. Nxg5 Qxg5 17. e4 1-0

[Event "XVII Festival A"]
[Site "Robecchetto con Induno ITA"]
[Date "2006.12.28"]
[Round "4"]
[White "Angelini, Marco"]
[Black "Romano, Zeno"]
[Result "1-0"]
[WhiteElo "1907"]
[BlackElo "1850"]
[PlyCount "83"]
[EventDate "2006.12.27"]

1. e4 e5 2. Nf3 Nc6 3. Bb5 a6 4. Ba4 Nf6 5. O-O Be7 6. Re1 b5 7. Bb3 d6 8. c3
Na5 9. Bc2 c5 10. h3 O-O 11. d3 Nc6 12. Nbd2 Bd7 13. Nf1 b4 14. d4 bxc3 15.
bxc3 cxd4 16. cxd4 Qc7 17. Be3 Nb4 18. Bb3 Rac8 19. Qd2 a5 20. Bg5 Bb5 21. Ng3
Nd3 22. Re3 Nf4 23. Nf5 a4 24. Bd1 Ne6 25. Nxe7+ Qxe7 26. Bxf6 Qxf6 27. dxe5
dxe5 28. Qa5 Nd4 29. Rb1 Ra8 30. Qc7 Rfc8 31. Qb7 Rab8 32. Rc3 Nxf3+ 33. Bxf3
Rd8 34. Qc7 Qa6 35. Qxe5 f6 36. Qf4 Rbc8 37. Rxc8 Rxc8 38. e5 Bd3 39. Rd1 Qc4
40. Qe3 Rd8 41. e6 Qc2 42. e7 1-0

[Event "XVII Festival A"]
[Site "Robecchetto con Induno ITA"]
[Date "2006.12.28"]
[Round "4"]
[White "Brighenti, Alessandro"]
[Black "Primerano, Carlo"]
[Result "1-0"]
[WhiteElo "1588"]
[BlackElo "1758"]
[PlyCount "59"]
[EventDate "2006.12.27"]

1. e4 c6 2. d4 d5 3. Nc3 dxe4 4. Nxe4 Nd7 5. Ng5 Ngf6 6. Bd3 e6 7. N1f3 Bd6 8.
Qe2 h6 9. Ne4 Nxe4 10. Qxe4 Nf6 11. Qh4 Ke7 12. Ne5 Bxe5 13. dxe5 Qa5+ 14. c3
Qxe5+ 15. Be3 Bd7 16. O-O-O a5 17. Rhe1 Qh5 18. Qg3 Nd5 19. Bc5+ Ke8 20. Qd6
Qg5+ 21. Be3 Nxe3 22. Rxe3 Rd8 23. Be4 h5 24. Qc7 Bc8 25. Rxd8+ Qxd8 26. Qe5
Kf8 27. Qb8 Rh6 28. Rd3 Qe8 29. Qc7 Rf6 30. Rd8 1-0

[Event "XVII Festival A"]
[Site "Robecchetto con Induno ITA"]
[Date "2006.12.28"]
[Round "4"]
[White "Cantu', Guido"]
[Black "Caldi, Mario"]
[Result "1-0"]
[WhiteElo "1819"]
[BlackElo "1999"]
[PlyCount "103"]
[EventDate "2006.12.27"]

1. e4 e6 2. d4 d5 3. Nc3 Nf6 4. Bg5 Bb4 5. e5 h6 6. Bd2 Bxc3 7. bxc3 Ne4 8. Bd3
Nxd2 9. Qxd2 O-O 10. Nf3 c5 11. O-O Nc6 12. Rab1 Qc7 13. Rfe1 a6 14. h4 Qa5 15.
Nh2 cxd4 16. Ng4 Qd8 17. Nxh6+ Kh8 18. Qf4 Qe7 19. cxd4 f6 20. Ng4 fxe5 21. Qg3
e4 22. Bf1 b5 23. h5 Qg5 24. Qc3 Bd7 25. Ne5 Nxe5 26. dxe5 Rac8 27. Qd4 Rxc2
28. Rb3 Qf4 29. Re2 Rc4 30. Qa7 Bc8 31. Qe7 Rf7 32. Qe8+ Kh7 33. h6 Rf8 34. Qe7
Rf7 35. Qe8 gxh6 36. Rg3 Rg7 37. Rxg7+ Kxg7 38. Re3 d4 39. Rg3+ Qxg3 40. fxg3
d3 41. Qe7+ Kg8 42. Qd6 Rc1 43. Kf2 Kf7 44. Bxd3 exd3 45. Qxd3 Kg7 46. a3 Rc4
47. Qd8 Kg6 48. Qf6+ Kh7 49. Qf7+ Kh8 50. g4 Rxg4 51. Qf8+ Kh7 52. Qxc8 1-0

[Event "XVII Festival A"]
[Site "Robecchetto con Induno ITA"]
[Date "2006.12.28"]
[Round "4"]
[White "Cardani, Roberto"]
[Black "Pepa, Syrja"]
[Result "1-0"]
[WhiteElo "1903"]
[BlackElo "1814"]
[PlyCount "85"]
[EventDate "2006.12.27"]

1. e4 e6 2. d4 d5 3. Nc3 dxe4 4. Nxe4 Nf6 5. Bg5 Be7 6. Bxf6 Bxf6 7. Nf3 O-O 8.
Qd2 Nd7 9. O-O-O c6 10. g4 b6 11. g5 Be7 12. h4 Bb7 13. Bd3 c5 14. Rhe1 cxd4
15. Nxd4 Nc5 16. Nxc5 Bxc5 17. Be4 Bxe4 18. Rxe4 Qd5 19. Qf4 Qxa2 20. Nb3 Qa6
21. h5 Rfd8 22. Rg1 Bd6 23. Qg4 Rac8 24. g6 fxg6 25. hxg6 h6 26. Qxe6+ Kh8 27.
Rh1 Qb7 28. Rhe1 Qc7 29. c3 a5 30. Nd4 a4 31. Nb5 Bf4+ 32. Kb1 Qc5 33. Qe8+ Qf8
34. Qf7 Bb8 35. f4 Qg8 36. f5 Rf8 37. Qd7 a3 38. Re7 Qb3 39. Nxa3 Rxc3 40. Rxg7
Be5 41. Rh7+ Kg8 42. Rxe5 Rd3 43. Qg7# 1-0

[Event "XVII Festival A"]
[Site "Robecchetto con Induno ITA"]
[Date "2006.12.28"]
[Round "4"]
[White "Cervini, Gian Piero"]
[Black "Mazzon, Roberto"]
[Result "0-1"]
[WhiteElo "1808"]
[BlackElo "1843"]
[PlyCount "30"]
[EventDate "2006.12.27"]

1. e4 c5 2. c3 e5 3. d4 cxd4 4. cxd4 Nc6 5. Nf3 Bb4+ 6. Nc3 exd4 7. Nxd4 Qe7 8.
Bd2 Nxd4 9. Nd5 Qxe4+ 10. Be2 Bxd2+ 11. Qxd2 Nc2+ 12. Kd1 Nxa1 13. Bh5 Qb1+ 14.
Ke2 Qxh1 15. Bxf7+ Kxf7 0-1

[Event "XVII Festival A"]
[Site "Robecchetto con Induno ITA"]
[Date "2006.12.28"]
[Round "4"]
[White "Crepaldi, Marco"]
[Black "Andreoli, Mark"]
[Result "0-1"]
[WhiteElo "1898"]
[BlackElo "2053"]
[PlyCount "30"]
[EventDate "2006.12.27"]

1. e4 c5 2. Nf3 d6 3. d4 cxd4 4. Nxd4 Nf6 5. Nc3 g6 6. f3 Bg7 7. Be3 O-O 8. Qd2
Nc6 9. O-O-O d5 10. exd5 Nxd5 11. Nxc6 bxc6 12. Bd4 e5 13. Bc5 Be6 14. Bxf8
Qxf8 15. Bc4 Bh6 0-1

[Event "XVII Festival A"]
[Site "Robecchetto con Induno ITA"]
[Date "2006.12.28"]
[Round "4"]
[White "Gagliardi, Christian"]
[Black "Volpi, Davide"]
[Result "1-0"]
[WhiteElo "2119"]
[BlackElo "2053"]
[PlyCount "29"]
[EventDate "2006.12.27"]

1. Nf3 Nf6 2. g3 g6 3. Bg2 Bg7 4. O-O O-O 5. d3 d6 6. Nbd2 e5 7. e4 Nc6 8. c3
Ne7 9. Re1 Nd7 10. d4 f5 11. exf5 gxf5 12. Ng5 Nb6 13. Qb3+ d5 14. dxe5 Ng6 15.
f4 1-0

[Event "XVII Festival A"]
[Site "Robecchetto con Induno ITA"]
[Date "2006.12.28"]
[Round "4"]
[White "La Torre, Giovanni"]
[Black "Aranovitch, Emiliano"]
[Result "0-1"]
[WhiteElo "2082"]
[BlackElo "2278"]
[PlyCount "36"]
[EventDate "2006.12.27"]

1. Nf3 Nf6 2. g3 c5 3. Bg2 Nc6 4. O-O g6 5. c4 Bg7 6. Nc3 O-O 7. d3 d5 8. Bg5
dxc4 9. dxc4 Be6 10. Qa4 Qb6 11. Rab1 Rad8 12. e4 h6 13. Bd2 Qb4 14. b3 Rxd2
15. Nxd2 Qxc3 16. Nf3 Nxe4 17. Qb5 Qb4 18. Nh4 Nd2 0-1